[Event "1. Bundesliga 2013/2014"]
[Site "Jenbach, Wolfsberg, St. Veit/Glan"]
[Date "2014.03.23"]
[Round "11"]
[Board "1"]
[White "Babula, Vlastimil"]
[Black "Luther, Thomas"]
[Result "1/2-1/2"]
[WhiteElo "2566"]
[BlackElo "2571"]
[PlyCount "73"]
[EventDate "2013.12.06"]
[EventType "team"]
[EventRounds "11"]
[EventCountry "AUT"]
[WhiteTeam "Union Ansfelden"]
[BlackTeam "SK Absam"]

1.d4 d5 2.Nf3 Nf6 3.c4 c6 4.Nc3 a6 5.a4 e6 6.Bg5 a5 7.e3 Be7 8.Be2 Na6 9.O-O Nb4 10.Rc1
O-O 11.Qb3 b6 12.Na2 Nxa2 13.Qxa2 Bb7 14.cxd5 Nxd5 15.Bxe7 Qxe7 16.Ne5 Rac8 17.Bf3
c5 18.Qa3 Nb4 19.Bxb7 Qxb7 20.dxc5 Qd5 21.Nc4 Qxc5 22.b3 Rfd8 23.Rfd1 h6 24.h3 Rd5
25.Qa1 Nd3 26.Rc2 Rcd8 27.Rcd2 Qb4 28.Qa3 Qxa3 29.Nxa3 Nc5 30.Rxd5 Rxd5 31.Rb1 Rd3
32.Nc4 Rxb3 33.Rxb3 Nxb3 34.Nxb6 Kf8 35.Nc4 Nc5 36.Nxa5 Nxa4 37.Nc4 1/2-1/2

[Event "1. Bundesliga 2013/2014"]
[Site "Jenbach, Wolfsberg, St. Veit/Glan"]
[Date "2014.03.23"]
[Round "11"]
[Board "2"]
[White "Dizdar, Goran"]
[Black "Weiss, Christian"]
[Result "1/2-1/2"]
[WhiteElo "2514"]
[BlackElo "2386"]
[PlyCount "139"]
[EventDate "2013.12.06"]
[EventType "team"]
[EventRounds "11"]
[EventCountry "AUT"]
[WhiteTeam "SK Absam"]
[BlackTeam "Union Ansfelden"]

1.Nf3 Nf6 2.c4 c5 3.g3 g6 4.Bg2 Bg7 5.O-O O-O 6.d4 cxd4 7.Nxd4 Nc6 8.Nc3 Nxd4 9.Qxd4
d6 10.Qd3 Qc7 11.Bf4 Be6 12.b3 Nd7 13.Qe3 Qa5 14.Rac1 Rab8 15.Bh6 Bxh6 16.Qxh6 Nf6
17.Rfd1 Rfc8 18.Rd4 Rc5 19.Bf3 Qd8 20.Qe3 b6 21.Rcd1 Rbc8 22.Rf4 Rf5 23.Rfd4 Rfc5
24.Rf4 Rf5 25.Nb5 Qd7 26.Rxf5 Bxf5 27.Qf4 h5 28.e4 Bg4 29.e5 Bxf3 30.Qxf3 Ne8 31.exd6
Nxd6 32.Nxd6 exd6 33.Qf4 Re8 34.Rxd6 Qe7 35.Kg2 h4 36.gxh4 Rd8 37.Rxd8+ Qxd8 38.Qg5
Qd3 39.h5 Qe4+ 40.Kg3 Qc2 41.h6 Qd3+ 42.Qe3 Qd6+ 43.Qf4 Qe7 44.h4 Kh7 45.Qd4 f6 46.Qe3
Qd6+ 47.Qf4 Qd8 48.h5 gxh5 49.b4 Kg6 50.c5 bxc5 51.bxc5 Qd3+ 52.Qe3 Qd7 53.a3 Qc7+
54.Kg2 Qc6+ 55.Kh2 h4 56.Qe7 Kxh6 57.Qf8+ Kg6 58.Qg8+ Kf5 59.Qh7+ Ke6 60.Qxa7 Qf3
61.Qb6+ Kf7 62.c6 Qf4+ 63.Kh3 Qf3+ 64.Kh2 Qf4+ 65.Kh3 Qf3+ 66.Kxh4 Qf4+ 67.Kh3 Qf3+
68.Kh2 Qf4+ 69.Kh3 Qf3+ 70.Kh2 1/2-1/2

[Event "1. Bundesliga 2013/2014"]
[Site "Jenbach, Wolfsberg, St. Veit/Glan"]
[Date "2014.03.23"]
[Round "11"]
[Board "3"]
[White "Knoll, Hermann"]
[Black "Rotstein, Arkadij"]
[Result "0-1"]
[WhiteElo "2302"]
[BlackElo "2501"]
[PlyCount "60"]
[EventDate "2013.12.06"]
[EventType "team"]
[EventRounds "11"]
[EventCountry "AUT"]
[WhiteTeam "Union Ansfelden"]
[BlackTeam "SK Absam"]

1.Nf3 c5 2.e4 e6 3.Qe2 Nf6 4.g3 d5 5.e5 Nfd7 6.d3 Nc6 7.Bf4 Be7 8.h4 b6 9.Bg2 Bb7
10.c4 d4 11.O-O Qc7 12.Na3 a6 13.Nc2 h6 14.h5 O-O-O 15.a3 g5 16.hxg6 fxg6 17.g4 g5
18.Bg3 h5 19.gxh5 Rxh5 20.Rfe1 Rdh8 21.Kf1 g4 22.Ng1 Ncxe5 23.Bxb7+ Qxb7 24.Qe4 Bh4
25.Qxb7+ Kxb7 26.Bxh4 Rxh4 27.Ke2 Rh2 28.Rf1 Rf8 29.Ne1 Nf6 30.b4 Nh5 0-1

[Event "1. Bundesliga 2013/2014"]
[Site "Jenbach, Wolfsberg, St. Veit/Glan"]
[Date "2014.03.23"]
[Round "11"]
[Board "4"]
[White "Deglmann, Ludwig"]
[Black "Moser, Guenter"]
[Result "1-0"]
[WhiteElo "2370"]
[BlackElo "2349"]
[PlyCount "53"]
[EventDate "2013.12.06"]
[EventType "team"]
[EventRounds "11"]
[EventCountry "AUT"]
[WhiteTeam "SK Absam"]
[BlackTeam "Union Ansfelden"]

1.d4 f5 2.e4 fxe4 3.Nc3 Nf6 4.Bg5 g6 5.h4 d5 6.h5 Bg7 7.h6 Bf8 8.f3 c6 9.Qd2 Bf5 10.O-O-O
Nbd7 11.g4 Be6 12.Re1 b5 13.Bxf6 Nxf6 14.g5 Nd7 15.Bh3 Bxh3 16.Nxh3 b4 17.Nb1 e5 18.fxe4
Be7 19.exd5 cxd5 20.dxe5 Nc5 21.b3 Ne4 22.Qd4 Bc5 23.Qd3 O-O 24.Rxe4 dxe4 25.Qc4+
Kh8 26.Qxc5 Rf3 27.e6 1-0

[Event "1. Bundesliga 2013/2014"]
[Site "Jenbach, Wolfsberg, St. Veit/Glan"]
[Date "2014.03.23"]
[Round "11"]
[Board "5"]
[White "Felsberger, Alfred"]
[Black "De Francesco, Klaus"]
[Result "1-0"]
[WhiteElo "2352"]
[BlackElo "2231"]
[PlyCount "77"]
[EventDate "2013.12.06"]
[EventType "team"]
[EventRounds "11"]
[EventCountry "AUT"]
[WhiteTeam "Union Ansfelden"]
[BlackTeam "SK Absam"]

1.e4 e6 2.d4 d5 3.Nc3 Bb4 4.e5 c5 5.a3 Bxc3+ 6.bxc3 Ne7 7.a4 Qa5 8.Bd2 Bd7 9.Nf3 Nbc6
10.Bb5 O-O 11.O-O f6 12.exf6 Rxf6 13.dxc5 a6 14.Bd3 Qxc5 15.Rb1 e5 16.Bg5 Rff8 17.Bxe7
Qxe7 18.Rxb7 Qe8 19.Ng5 h6 20.Be4 hxg5 21.Bxd5+ Be6 22.Rb6 Rd8 23.c4 Nd4 24.c3 Bxd5
25.cxd5 Nf5 26.Rxa6 Qd7 27.c4 Nd4 28.Qh5 Rf6 29.Rxf6 gxf6 30.Rb1 Kg7 31.a5 Rc8 32.h4
g4 33.a6 Rxc4 34.Rb7 Rc7 35.Rxc7 Qxc7 36.Qxg4+ Kf7 37.h5 Qc4 38.Kh2 Qf1 39.a7 1-0

[Event "1. Bundesliga 2013/2014"]
[Site "Jenbach, Wolfsberg, St. Veit/Glan"]
[Date "2014.03.23"]
[Round "11"]
[Board "6"]
[White "Gerhold, Michael"]
[Black "Ennsberger, Ulrich"]
[Result "1-0"]
[WhiteElo "2264"]
[BlackElo "2339"]
[PlyCount "113"]
[EventDate "2013.12.06"]
[EventType "team"]
[EventRounds "11"]
[EventCountry "AUT"]
[WhiteTeam "SK Absam"]
[BlackTeam "Union Ansfelden"]

1.Nf3 c5 2.c4 Nc6 3.d4 cxd4 4.Nxd4 Nf6 5.Nc3 g6 6.e4 d6 7.Be2 Bg7 8.Be3 O-O 9.O-O
Bd7 10.Qd2 Nxd4 11.Bxd4 Bc6 12.f3 a5 13.b3 Nd7 14.Be3 Nc5 15.Rab1 Qb6 16.Rfc1 Qb4
17.Rc2 Rfc8 18.Qc1 Qb6 19.Bf1 Qd8 20.a3 Be5 21.b4 axb4 22.axb4 Ne6 23.Ne2 Ra4 24.Nc3
Raa8 25.Ne2 h5 26.g3 Kh7 27.Bg2 Bg7 28.f4 Ba4 29.Rd2 Bb5 30.Rc2 Qc7 31.f5 Nd8 32.Nf4
e6 33.fxg6+ fxg6 34.Bf1 Bc6 35.Bd3 Be5 36.Qf1 Be8 37.Qh3 Qe7 38.g4 h4 39.g5 Ra3 40.Qxh4+
Kg8 41.Rd2 Bf7 42.Qg4 Rca8 43.b5 Qc7 44.Rbd1 b6 45.h3 Rb3 46.Bf2 d5 47.Ne2 Rxd3 48.Rxd3
Ra4 49.cxd5 exd5 50.Rxd5 Bxd5 51.Rxd5 Nf7 52.Qe6 Ra1+ 53.Kg2 Qc2 54.Qxg6+ Kf8 55.Rd7
Qc4 56.Qf5 Kg8 57.g6 1-0